000 00602nam a22001697a 4500
003 NUST
038 _aNusrat Nadeem
082 _a200
100 _aIrfan, Muhammad
_916781
245 _aNumerical Simulation of Steady/Unsteady MHD Flow over a Non-linear Stretching/Shrinking Sheet with Variable Liquid Characteristics/
_cMuhammad Irfan
264 _aIslamabad;
_bSNS NUST;
_c2021;
300 _a166,p;
_bill;
_c30,cm.
650 _aPhD-Mathematics
_9123169
700 _aSupervisor Dr. Muhammad Asif Farooq
_9123555
856 _uhttp://10.250.8.41:8080/xmlui/handle/123456789/26543
942 _2ddc
_cSC
999 _c609717
_d609717